| 000 | 00743nam a22002177i 4500 | ||
|---|---|---|---|
| 999 |
_c22984 _d22984 |
||
| 003 | AR-CdUCM | ||
| 008 | 240813b20182018 pe||||| |||| 00| 0 spa d | ||
| 020 | _a978-612-4164-82-8 | ||
| 040 |
_aMUNICIPALIDAD PROVINCIAL DEL CUSCO _cBIBLIOTECA MUNICIPAL DEL CUSCO |
||
| 082 |
_aEP / 869.56 / M667M _b M667M |
||
| 100 |
_aMitrani Reaño, Henry. _950182 |
||
| 245 |
_aMachu Picchu : _bEl origen mágico / |
||
| 260 |
_aLima : _bPlaneta Junior, _c2018 |
||
| 300 |
_a39 páginas. : _bIlustraciones a color, _c26 cm. |
||
| 650 |
_aLiteratura infantil _9588 |
||
| 650 |
_aCuentos infantiles peruanos _93914 |
||
| 650 |
_aCuento Histórico _950183 |
||
| 700 |
_aGonzález Renzo [Ilustrador] _950184 |
||
| 942 |
_2ddc _cLIBROS |
||
| 945 |
_apbj _d2024-08-13 |
||